000 00597nam a22001937a 4500
003 OSt
005 20180116183042.0
008 160223b xxu||||| |||| 00| 0 eng d
020 _a29-002-2011-1
024 _229-002-2011-1
040 _cLahore University of Management Sciences
082 _a174.4 LUM 2010
100 _aZAFAR I. QURESHI
245 _aNOTE ON THE PAKISTAN PHARMACEUTICAL INDUSTRY
_c ZAFAR I. QURESHI
260 _aLahore
_bLahore University of Management Sciences
_c2010
300 _a25 p.
_bPapers
440 _aNOTE ON THE PAKISTAN SUGAR INDUSTRY
942 _2ddc
_cCS
999 _c351264
_d351264